[Event "Du Te Cup 2017"]
[Site "Shenzhen CHN"]
[Date "2017.03.25"]
[Round "3.2"]
[White "Yu, Yangyi"]
[Black "Adams, Michael"]
[Result "1/2-1/2"]
[WhiteTitle "GM"]
[BlackTitle "GM"]
[WhiteElo "2750"]
[BlackElo "2761"]
[WhiteFideId "8603820"]
[BlackFideId "400041"]
[EventDate "2017.03.23"]

1. d4 Nf6 2. c4 e6 3. Nc3 Bb4 4. Nf3 b6 5. e3 Bb7 6. Bd3 O-O 7. O-O d5 8. cxd5
exd5 9. a3 Bd6 10. b4 Nbd7 11. Qb3 c6 12. a4 a5 13. bxa5 Rxa5 14. Ba3 Qe7 15.
Bxd6 Qxd6 16. Rab1 Ba6 17. Bxa6 Rxa6 18. Rfc1 Rfa8 19. h3 g6 20. Qd1 Qe6 21. Nd2
Ne8 22. Rb2 Nd6 23. Qf3 Kg7 24. Rcb1 h5 25. Qf4 R8a7 26. Re1 Ra8 27. e4 dxe4 28.
Ndxe4 Nxe4 29. Rxe4 Qf6 30. Qe3 Qd6 31. Rb1 Nf6 32. Re7 Nd5 33. Nxd5 Qxd5 34.
Qe5+ Qxe5 35. dxe5 Kf8 36. Rc7 Re8 37. Rxc6 1/2-1/2

[Event "Du Te Cup 2017"]
[Site "Shenzhen CHN"]
[Date "2017.03.30"]
[Round "7.2"]
[White "Yu, Yangyi"]
[Black "Svidler, Peter"]
[Result "1/2-1/2"]
[WhiteTitle "GM"]
[BlackTitle "GM"]
[WhiteElo "2750"]
[BlackElo "2741"]
[WhiteFideId "8603820"]
[BlackFideId "4102142"]
[EventDate "2017.03.23"]

1. d4 Nf6 2. Nf3 g6 3. Nbd2 d5 4. e3 a5 5. c4 Bg7 6. b3 O-O 7. Bb2 a4 8. Be2 Bf5
9. O-O Nbd7 10. b4 a3 11. Bc3 dxc4 12. Nxc4 Ne4 13. Rc1 Be6 14. Ba1 Nb6 15. Qc2
Nd6 16. Nxb6 cxb6 17. e4 Rc8 18. Qb1 Bc4 19. Bxc4 Nxc4 20. b5 Qd7 21. Rc3 Rc7
22. h3 Rfc8 23. Rb3 f5 24. Re1 fxe4 25. Qxe4 Qf5 26. Qxf5 gxf5 27. Bc3 Nd6 28.
Bd2 Rc2 29. Rxa3 Nxb5 30. Rd3 Bf6 31. g4 Kf7 32. Ng5+ Kg6 33. Ne6 Nd6 34. Bb4
Ne4 35. Rf3 fxg4 36. hxg4 Rc1 37. Re3 Rxe1+ 38. Rxe1 Nxf2 39. Kxf2 Bh4+ 40. Kf3
Bxe1 41. Bxe1 Ra8 42. Ke4 Rxa2 43. Kd5 Ra1 44. Bb4 Kf6 45. Nf8 Kf7 46. Nd7 b5
47. Ne5+ 1/2-1/2

[Event "Du Te Cup 2017"]
[Site "Shenzhen CHN"]
[Date "2017.03.31"]
[Round "8.1"]
[White "Adams, Michael"]
[Black "Yu, Yangyi"]
[Result "1/2-1/2"]
[WhiteTitle "GM"]
[BlackTitle "GM"]
[WhiteElo "2761"]
[BlackElo "2750"]
[WhiteFideId "400041"]
[BlackFideId "8603820"]
[EventDate "2017.03.23"]

1. e4 e5 2. Nf3 Nf6 3. d4 Nxe4 4. Bd3 d5 5. Nxe5 Nd7 6. O-O Nxe5 7. dxe5 Nc5 8.
Be3 c6 9. Be2 Be7 10. c4 dxc4 11. Qxd8+ Kxd8 12. Bxc4 Be6 13. Bxe6 Nxe6 14. Nc3
Kc7 15. Rac1 Rhd8 16. f4 Rd3 17. Rfd1 Rad8 18. Rxd3 Rxd3 19. Kf2 Bc5 20. Bxc5
Nxc5 21. Ke2 Rd4 22. Ke3 Rd3+ 23. Ke2 Rd4 24. Ke3 Rd3+ 25. Ke2 Rd4 1/2-1/2